[Event "GX Alekhine Open de Outono semi-rápidas"]
[Site "Lisboa, Portugal"]
[Date "????.??.??"]
[Round "3.2"]
[White "Ferreira, Vasco Capitao Mendes"]
[Black "Marques, Miguel Alexandre Gomes"]
[Result "1-0"]
[WhiteElo "1401"]
[BlackElo "1454"]
[PlyCount "63"]

{[%evp 0,63,19,22,22,26,22,20,28,13,13,-39,-20,-22,-5,-9,-8,-17,6,-23,-2,-13,7,7,81,56,87,101,94,116,116,116,101,110,111,90,320,338,321,314,343,331,489,510,557,557,552,529,555,488,477,488,482,416,516,474,536,526,524,523,601,626,640,670,673,680]} 1. e4 e5 {[%emt 0:00:03]} 2. Nf3 {[%emt 0:00:02]} Nc6 {[%emt 0:00:02]} 3. Bb5 {[%emt 0:00:02]} Nf6 {[%emt 0:00:02]} 4. d3 {[%emt 0:00:01]} d6 {[%emt 0:00:34]} 5. c3 {[%emt 0:00:11]} h6 {[%emt 0:00:12]} 6. O-O {[%emt 0:00:06]} Be7 {[%emt 0:00:11]} 7. h3 {[%emt 0:00:03]} O-O {[%emt 0:00:09]} 8. Re1 {[%emt 0:00:03]} a6 {[%emt 0:00:24]} 9. Ba4 {[%emt 0:00:02]} b5 {[%emt 0:00:24]} 10. Bc2 {[%emt 0:00:02]} Nh7 {[%emt 0:00:48]} 11. Nbd2 {[%emt 0:01:10]} f5 {[%emt 0:00:34]} 12. d4 {[%emt 0:00:55]} f4 {[%emt 0:01:08]} 13. Bb3+ {[%emt 0:01:30]} Kh8 {[%emt 0:00:13]} 14. Bd5 {[%emt 0:00:17]} Bb7 {[%emt 0:03:17]} 15. dxe5 {[%emt 0:00:12]} dxe5 {[%emt 0:00:21]} 16. Bxc6 {[%emt 0:00:10]} Bxc6 {[%emt 0:00:13]} 17. Nxe5 {[%emt 0:00:05]} Bb7 {[%emt 0:00:25]} 18. Ng6+ {[%emt 0:01:19]} Kg8 {[%emt 0:00:04]} 19. Qb3+ {[%emt 0:00:41]} Rf7 {[%emt 0:00:21]} 20. Ne5 {[%emt 0:00:03]} Ng5 {[%emt 0:02:17]} 21. h4 {[%emt 0:01:43]} Bd6 {[%emt 0:00:21]} 22. hxg5 {[%emt 0:00:46]} Bxe5 {[%emt 0:00:04]} 23. g6 {[%emt 0:00:03]} Bd5 {[%emt 0:01:53]} 24. Qxd5 {[%emt 0:01:29]} Qxd5 {[%emt 0:00:03]} 25. exd5 {[%emt 0:00:02]} Rf5 {[%emt 0:00:40]} 26. Nf3 {[%emt 0:01:13]} Bf6 {[%emt 0:00:35]} 27. Re4 {[%emt 0:00:25]} Rxd5 {[%emt 0:00:17]} 28. Bxf4 {[%emt 0:00:04]} c5 {[%emt 0:00:28]} 29. Rae1 {[%emt 0:00:05]} Kf8 {[%emt 0:00:25]} 30. Re6 {[%emt 0:00:12]} Rdd8 {[%emt 0:00:43]} 31. Bd6+ {[%emt 0:00:03]} Kg8 {[%emt 0:00:03]} 32. Bxc5 {[%emt 0:00:24]} 1-0

[Event "GX Alekhine Open de Outono semi-rápidas"]
[Site "Lisboa, Portugal"]
[Date "????.??.??"]
[Round "3.3"]
[White "Silva, Lourenco Santa Clara Costa Rebelo Da"]
[Black "Curcialeiro, Afonso Dinis Pereira Dos Santos"]
[Result "1-0"]
[WhiteElo "1709"]
[BlackElo "1404"]
[PlyCount "31"]

{[%evp 0,31,22,22,48,46,54,42,21,30,50,34,38,26,19,38,43,8,47,51,46,53,109,51,149,160,154,56,373,372,406,402,414,407]} 1. e4 {[%emt 0:00:03]} c5 {[%emt 0:00:03]} 2. Nf3 {[%emt 0:00:01]} e6 {[%emt 0:00:02]} 3. d4 {[%emt 0:00:01]} cxd4 {[%emt 0:00:03]} 4. Nxd4 {[%emt 0:00:02]} a6 {[%emt 0:00:02]} 5. c4 {[%emt 0:00:04]} Qc7 {[%emt 0:00:03]} 6. Nc3 {[%emt 0:00:04]} Nc6 {[%emt 0:00:07]} 7. Be3 {[%emt 0:00:21]} Nf6 {[%emt 0:00:05]} 8. f4 {[%emt 0:01:05]} d6 {[%emt 0:02:16]} 9. Be2 {[%emt 0:00:11]} Be7 {[%emt 0:01:59]} 10. O-O {[%emt 0:00:09]} h5 {[%emt 0:02:48]} 11. Qd2 {[%emt 0:01:32]} b6 {[%emt 0:02:32]} 12. Nxc6 {[%emt 0:02:14]} Qxc6 {[%emt 0:00:30]} 13. e5 {[%emt 0:00:11]} Ng4 {[%emt 0:03:07]} 14. Bf3 {[%emt 0:00:16]} Qxc4 {[%emt 0:00:14]} 15. Bxa8 {[%emt 0:00:14]} dxe5 {[%emt 0:00:10]} 16. Bxb6 {[%emt 0:00:35]} 1-0

[Event "GX Alekhine Open de Outono semi-rápidas"]
[Site "Lisboa, Portugal"]
[Date "????.??.??"]
[Round "3.4"]
[White "Prazeres, Joao Pires De Azevedo Teixeira Dos"]
[Black "Costa, Guilherme Henriques Bandeira"]
[Result "1-0"]
[WhiteElo "1545"]
[BlackElo "1540"]
[PlyCount "57"]

{[%evp 0,57,22,18,17,13,22,5,5,5,26,-10,-7,2,-21,-2,2,-15,-13,-5,-2,-2,-3,-3,49,51,68,72,65,51,46,50,43,58,132,108,192,116,186,119,147,156,164,164,334,342,384,381,455,366,309,506,578,415,420,869,29997,29998,29999,-30000]} 1. e4 {[%emt 0:00:02]} e5 {[%emt 0:00:01]} 2. Nf3 {[%emt 0:00:01]} Nc6 {[%emt 0:00:02]} 3. Bc4 {[%emt 0:00:07]} Nf6 {[%emt 0:00:07]} 4. d3 {[%emt 0:00:02]} h6 {[%emt 0:00:04]} 5. c3 {[%emt 0:00:02]} Be7 {[%emt 0:00:09]} 6. O-O {[%emt 0:00:09]} O-O {[%emt 0:00:05]} 7. Re1 {[%emt 0:00:02]} d6 {[%emt 0:00:02]} 8. h3 {[%emt 0:00:01]} Na5 {[%emt 0:00:15]} 9. Bb5 {[%emt 0:01:45]} c6 {[%emt 0:00:19]} 10. Ba4 {[%emt 0:00:02]} b5 {[%emt 0:00:02]} 11. Bc2 {[%emt 0:00:03]} Nb7 {[%emt 0:00:07]} 12. a4 {[%emt 0:00:42]} Be6 {[%emt 0:02:12]} 13. d4 {[%emt 0:01:39]} Qc7 {[%emt 0:00:55]} 14. Nbd2 {[%emt 0:01:26]} a6 {[%emt 0:00:53]} 15. Nf1 {[%emt 0:00:17]} exd4 {[%emt 0:01:37]} 16. cxd4 {[%emt 0:00:10]} d5 {[%emt 0:00:14]} 17. e5 {[%emt 0:00:51]} Nd7 {[%emt 0:00:02]} 18. Ng3 {[%emt 0:00:46]} c5 {[%emt 0:00:02]} 19. Nf5 {[%emt 0:01:58]} Bxf5 {[%emt 0:00:56]} 20. Bxf5 {[%emt 0:00:01]} cxd4 {[%emt 0:00:02]} 21. Qxd4 {[%emt 0:00:30]} Bc5 {[%emt 0:02:34]} 22. Qg4 {[%emt 0:01:05]} Qb6 {[%emt 0:01:28]} 23. Re2 {[%emt 0:01:33]} Nb8 {[%emt 0:02:28]} 24. e6 {[%emt 0:00:32]} Nd6 {[%emt 0:00:25]} 25. exf7+ {[%emt 0:01:25]} Nxf7 {[%emt 0:00:33]} 26. Re6 {[%emt 0:01:38]} Qc7 {[%emt 0:00:53]} 27. Qg6 {[%emt 0:03:47]} Nd6 {[%emt 0:01:55]} 28. Qh7+ {[%emt 0:00:36]} Kf7 {[%emt 0:00:02]} 29. Ne5# {[%emt 0:00:03]} 1-0

[Event "GX Alekhine Open de Outono semi-rápidas"]
[Site "Lisboa, Portugal"]
[Date "????.??.??"]
[Round "4.1"]
[White "Morais, Vitor Mestre"]
[Black "Ferreira, Vasco Capitao Mendes"]
[Result "0-1"]
[WhiteElo "1772"]
[BlackElo "1401"]
[PlyCount "66"]

{[%evp 0,66,18,25,25,12,12,-17,6,10,16,-6,1,-18,-28,-27,-18,-7,-1,7,8,-49,-40,-62,6,-4,20,16,47,62,65,72,126,-5,138,25,57,-205,-173,-219,-231,-283,-294,-322,-288,-322,-283,-385,-386,-368,-380,-414,-352,-621,-622,-649,-655,-1014,-1127,-1210,-1215,-1215,-1215,-1258,-1228,-1310,-1550,-1500,-2036]} 1. Nf3 d5 2. e3 Nf6 3. c4 e6 {[%emt 0:00:02]} 4. Nc3 {[%emt 0:00:04]} a6 {[%emt 0:00:21]} 5. Be2 {[%emt 0:00:05]} dxc4 {[%emt 0:00:15]} 6. Bxc4 {[%emt 0:00:01]} b5 {[%emt 0:00:02]} 7. Be2 {[%emt 0:00:02]} Bd6 {[%emt 0:00:22]} 8. d4 {[%emt 0:00:02]} Bb7 {[%emt 0:00:10]} 9. O-O {[%emt 0:00:02]} O-O {[%emt 0:00:06]} 10. Ne5 {[%emt 0:00:02]} Nbd7 {[%emt 0:00:35]} 11. f4 {[%emt 0:00:01]} Nd5 {[%emt 0:00:35]} 12. Bf3 {[%emt 0:00:06]} b4 {[%emt 0:02:11]} 13. Ne4 {[%emt 0:00:09]} Nxe5 {[%emt 0:01:16]} 14. fxe5 {[%emt 0:00:03]} Be7 {[%emt 0:00:09]} 15. Bd2 {[%emt 0:00:11]} c5 {[%emt 0:00:56]} 16. Rc1 {[%emt 0:00:11]} Rc8 {[%emt 0:00:17]} 17. Qe2 {[%emt 0:00:17]} Qb6 {[%emt 0:01:11]} 18. b3 {[%emt 0:00:54]} cxd4 {[%emt 0:00:38]} 19. Rxc8 {[%emt 0:00:16]} Rxc8 {[%emt 0:00:07]} 20. Rc1 dxe3 {[%emt 0:00:27]} 21. Rxc8+ {[%emt 0:00:09]} Bxc8 {[%emt 0:00:02]} 22. Bc1 {[%emt 0:00:35]} Bd7 {[%emt 0:00:28]} 23. g3 {[%emt 0:01:09]} Bb5 {[%emt 0:00:12]} 24. Qe1 {[%emt 0:00:01]} e2+ {[%emt 0:03:27]} 25. Nf2 {[%emt 0:01:19]} Nc3 {[%emt 0:01:44]} 26. a4 {[%emt 0:00:57]} Bc5 {[%emt 0:00:47]} 27. Kg2 {[%emt 0:00:45]} Bc6 {[%emt 0:00:44]} 28. Nd3 {[%emt 0:01:00]} Bxf3+ {[%emt 0:00:33]} 29. Kxf3 {[%emt 0:00:02]} Qc6+ {[%emt 0:00:03]} 30. Kg4 {[%emt 0:00:23]} Qe4+ {[%emt 0:00:34]} 31. Nf4 {[%emt 0:00:01]} Bf2 {[%emt 0:01:03]} 32. Qd2 {[%emt 0:00:03]} h5+ {[%emt 0:01:58]} 33. Kxh5 {[%emt 0:00:48]} e1=Q {[%emt 0:00:47]} 0-1

[Event "GX Alekhine Open de Outono semi-rápidas"]
[Site "Lisboa, Portugal"]
[Date "????.??.??"]
[Round "4.2"]
[White "Prazeres, Joao Pires De Azevedo Teixeira Dos"]
[Black "Silva, Lourenco Santa Clara Costa Rebelo Da"]
[Result "1/2-1/2"]
[WhiteElo "1545"]
[BlackElo "1709"]
[PlyCount "119"]

{[%evp 0,119,27,18,48,54,77,54,61,33,33,32,46,36,68,27,24,14,45,12,17,-35,-23,-34,-30,-27,-27,-39,-67,-107,-59,-62,-15,-73,-75,-111,-26,-38,-36,-22,-44,-54,-54,-54,-42,-49,-56,-63,-50,-78,-78,-67,-71,-60,-17,-33,13,0,36,41,41,30,33,-11,10,15,8,8,7,10,13,9,8,6,6,4,9,5,3,12,19,2,1,0,32,14,26,10,19,22,8,2,2,2,54,0,91,89,85,79,86,102,117,117,115,106,102,97,97,91,91,91,97,74,70,74,67,56,67,56,57,49]} 1. e4 {[%emt 0:00:01]} c5 2. Nf3 d6 3. d4 cxd4 4. Nxd4 Nf6 5. Nc3 a6 6. Bg5 e6 7. f4 {[%emt 0:00:02]} Be7 {[%emt 0:00:01]} 8. Qd2 {[%emt 0:01:32]} Qc7 {[%emt 0:00:31]} 9. O-O-O {[%emt 0:01:00]} Nbd7 {[%emt 0:00:23]} 10. Nb3 {[%emt 0:00:20]} O-O {[%emt 0:00:39]} 11. Kb1 {[%emt 0:00:59]} b5 {[%emt 0:00:13]} 12. a3 {[%emt 0:00:01]} Bb7 {[%emt 0:00:07]} 13. Qe2 {[%emt 0:04:15]} Nb6 {[%emt 0:01:54]} 14. g4 {[%emt 0:03:50]} Nc4 {[%emt 0:00:53]} 15. Qf3 {[%emt 0:02:52]} Rfc8 {[%emt 0:01:40]} 16. Bxc4 {[%emt 0:00:56]} bxc4 {[%emt 0:00:05]} 17. Bxf6 {[%emt 0:01:47]} cxb3 {[%emt 0:01:25]} 18. Bxe7 {[%emt 0:00:09]} bxc2+ {[%emt 0:00:02]} 19. Kxc2 {[%emt 0:00:02]} Qxe7 {[%emt 0:00:10]} 20. Rhe1 {[%emt 0:00:11]} Rab8 {[%emt 0:01:07]} 21. Qd3 {[%emt 0:00:18]} Rc6 {[%emt 0:01:50]} 22. Kb1 {[%emt 0:01:51]} a5 {[%emt 0:00:14]} 23. Rc1 {[%emt 0:02:17]} Ba6 {[%emt 0:00:12]} 24. Qe3 {[%emt 0:01:01]} Rcb6 {[%emt 0:00:38]} 25. Na4 {[%emt 0:00:56]} Rb3 {[%emt 0:00:25]} 26. Rc3 R3b5 {[%emt 0:02:05]} 27. Rec1 {[%emt 0:00:22]} Qb7 {[%emt 0:00:14]} 28. R1c2 {[%emt 0:01:29]} Rb3 {[%emt 0:04:05]} 29. Rxb3 {[%emt 0:00:07]} Qxb3 {[%emt 0:00:02]} 30. Qxb3 Rxb3 31. Rc3 Bd3+ 32. Kc1 Rxc3+ 33. Nxc3 Kf8 {[%emt 0:00:56]} 34. Kd2 Bc4 {[%emt 0:00:18]} 35. Ke3 {[%emt 0:00:03]} Ke7 {[%emt 0:00:08]} 36. Kd4 {[%emt 0:00:14]} Bb3 {[%emt 0:00:51]} 37. Nb1 {[%emt 0:00:43]} Kd7 {[%emt 0:00:31]} 38. Nd2 {[%emt 0:00:02]} Bd1 {[%emt 0:00:02]} 39. g5 {[%emt 0:00:04]} a4 {[%emt 0:00:40]} 40. Kc4 {[%emt 0:00:41]} Kc6 {[%emt 0:00:09]} 41. Nb1 {[%emt 0:01:28]} d5+ {[%emt 0:00:55]} 42. exd5+ {[%emt 0:00:11]} exd5+ {[%emt 0:00:02]} 43. Kd4 {[%emt 0:00:01]} f6 {[%emt 0:00:56]} 44. Nc3 {[%emt 0:00:08]} Bb3 {[%emt 0:00:02]} 45. h4 {[%emt 0:00:06]} Kd6 {[%emt 0:00:22]} 46. Nb5+ {[%emt 0:00:32]} Ke6 {[%emt 0:01:50]} 47. Nc7+ {[%emt 0:00:35]} Kd7 {[%emt 0:01:04]} 48. Nxd5 {[%emt 0:00:17]} fxg5 {[%emt 0:00:18]} 49. hxg5 {[%emt 0:00:34]} Kd6 {[%emt 0:00:04]} 50. Ne3 {[%emt 0:00:08]} Be6 {[%emt 0:01:55]} 51. f5 {[%emt 0:00:29]} Bb3 {[%emt 0:00:06]} 52. Ke4 {[%emt 0:00:12]} h6 {[%emt 0:01:01]} 53. gxh6 {[%emt 0:00:04]} gxh6 54. Kf4 {[%emt 0:00:04]} Ke7 {[%emt 0:00:21]} 55. Ng4 {[%emt 0:00:17]} h5 {[%emt 0:00:19]} 56. Ne3 {[%emt 0:00:01]} Kf6 {[%emt 0:00:08]} 57. Ng2 {[%emt 0:00:24]} Bc2 {[%emt 0:00:12]} 58. Ne3 {[%emt 0:00:06]} Bb3 {[%emt 0:00:01]} 59. Ng2 {[%emt 0:00:12]} Bc2 {[%emt 0:00:09]} 60. Ne3 {[%emt 0:00:13]} 1/2-1/2

[Event "GX Alekhine Open de Outono semi-rápidas"]
[Site "Lisboa, Portugal"]
[Date "????.??.??"]
[Round "5.1"]
[White "Ferreira, Vasco Capitao Mendes"]
[Black "Prazeres, Joao Pires De Azevedo Teixeira Dos"]
[Result "1/2-1/2"]
[WhiteElo "1401"]
[BlackElo "1545"]
[PlyCount "64"]

{[%evp 0,64,24,22,48,54,54,18,22,25,26,40,42,40,43,9,21,-13,17,10,10,3,3,-9,28,-25,-15,-11,-21,-16,2,8,23,17,56,38,36,34,35,37,48,46,65,65,64,38,45,44,40,40,47,52,64,59,63,-34,-30,-24,-22,-18,-31,-38,-32,-34,-31,-34,-11]} 1. e4 c5 {[%emt 0:00:01]} 2. Nf3 {[%emt 0:00:02]} Nc6 {[%emt 0:00:03]} 3. d4 cxd4 {[%emt 0:00:01]} 4. Nxd4 {[%emt 0:00:02]} Nf6 {[%emt 0:00:03]} 5. Nc3 {[%emt 0:00:02]} e5 {[%emt 0:00:01]} 6. Ndb5 {[%emt 0:00:03]} d6 7. Bg5 {[%emt 0:00:06]} a6 {[%emt 0:00:01]} 8. Na3 {[%emt 0:00:02]} b5 {[%emt 0:00:01]} 9. Nd5 {[%emt 0:00:02]} Be7 10. Bxf6 {[%emt 0:00:09]} Bxf6 {[%emt 0:00:01]} 11. c3 {[%emt 0:00:12]} Bg5 {[%emt 0:00:14]} 12. Be2 {[%emt 0:00:18]} Rb8 {[%emt 0:00:03]} 13. O-O {[%emt 0:00:23]} O-O {[%emt 0:00:02]} 14. Nc2 {[%emt 0:00:30]} a5 {[%emt 0:00:02]} 15. Nce3 {[%emt 0:00:55]} Bxe3 {[%emt 0:00:57]} 16. Nxe3 {[%emt 0:00:06]} Ne7 {[%emt 0:01:24]} 17. Qd2 {[%emt 0:02:44]} Qb6 {[%emt 0:01:58]} 18. Rfd1 {[%emt 0:01:03]} Rd8 {[%emt 0:00:02]} 19. c4 {[%emt 0:01:21]} Ba6 {[%emt 0:02:23]} 20. b3 {[%emt 0:00:33]} bxc4 {[%emt 0:03:12]} 21. Bxc4 {[%emt 0:00:36]} Bb7 {[%emt 0:00:35]} 22. Bd5 {[%emt 0:00:43]} Nxd5 {[%emt 0:01:59]} 23. Nxd5 {[%emt 0:00:04]} Bxd5 {[%emt 0:00:32]} 24. Qxd5 {[%emt 0:00:03]} Rbc8 {[%emt 0:00:55]} 25. Rac1 {[%emt 0:00:24]} h6 {[%emt 0:00:30]} 26. h3 {[%emt 0:00:35]} Qb4 {[%emt 0:00:57]} 27. Rc4 {[%emt 0:03:54]} Rxc4 {[%emt 0:00:52]} 28. Qxc4 {[%emt 0:00:07]} Qxc4 {[%emt 0:00:42]} 29. bxc4 {[%emt 0:00:02]} Rc8 30. Rxd6 {[%emt 0:00:52]} Rxc4 {[%emt 0:00:02]} 31. Rd8+ {[%emt 0:00:05]} Kh7 {[%emt 0:00:03]} 32. Rd5 {[%emt 0:00:03]} Rxe4 {[%emt 0:00:10]} 1/2-1/2

[Event "GX Alekhine Open de Outono semi-rápidas"]
[Site "Lisboa, Portugal"]
[Date "????.??.??"]
[Round "5.2"]
[White "Silva, Lourenco Santa Clara Costa Rebelo Da"]
[Black "Morais, Vitor Mestre"]
[Result "1-0"]
[WhiteElo "1709"]
[BlackElo "1772"]
[PlyCount "110"]

{[%evp 0,110,24,22,54,54,85,48,42,26,26,25,29,5,31,8,21,3,23,24,22,35,29,28,34,17,38,-57,-29,-25,-22,-18,-11,-137,-129,-153,-87,-78,-80,-84,-88,-129,-120,-138,-39,-104,-105,-87,-83,-97,-95,-97,-97,-127,-127,-131,-75,-66,0,-15,0,-10,65,27,71,71,58,74,74,71,193,204,217,199,250,140,130,129,138,161,210,221,218,256,263,76,139,139,143,144,181,186,187,194,191,187,206,206,206,205,264,273,371,379,838,1063,1085,1106,1117,1127,1163,1382,1452]} 1. e4 {[%emt 0:00:02]} c5 {[%emt 0:00:01]} 2. Nf3 {[%emt 0:00:01]} a6 {[%emt 0:00:02]} 3. c4 Nc6 {[%emt 0:00:01]} 4. d4 {[%emt 0:00:06]} cxd4 {[%emt 0:00:03]} 5. Nxd4 {[%emt 0:00:03]} Nf6 6. Nc3 {[%emt 0:00:13]} e5 7. Nc2 {[%emt 0:00:27]} Bc5 {[%emt 0:00:01]} 8. Be3 {[%emt 0:00:11]} d6 {[%emt 0:00:03]} 9. Be2 {[%emt 0:00:14]} Be6 {[%emt 0:00:04]} 10. O-O {[%emt 0:00:14]} O-O {[%emt 0:00:01]} 11. Qd2 {[%emt 0:00:14]} Rc8 {[%emt 0:00:13]} 12. Rfd1 {[%emt 0:00:21]} Qe7 {[%emt 0:00:06]} 13. a3 {[%emt 0:01:36]} Bxe3 {[%emt 0:00:25]} 14. Nxe3 {[%emt 0:00:08]} Nd4 {[%emt 0:00:01]} 15. Rab1 {[%emt 0:00:53]} Rfd8 {[%emt 0:00:12]} 16. b4 {[%emt 0:00:28]} b5 {[%emt 0:00:09]} 17. Re1 {[%emt 0:02:48]} Nxe2+ {[%emt 0:00:12]} 18. Qxe2 {[%emt 0:00:19]} Bxc4 {[%emt 0:00:02]} 19. Qf3 {[%emt 0:02:25]} Be6 {[%emt 0:00:35]} 20. Ncd5 {[%emt 0:00:34]} Bxd5 {[%emt 0:00:21]} 21. exd5 {[%emt 0:01:52]} Ne8 {[%emt 0:01:04]} 22. Nf5 {[%emt 0:00:42]} Qf6 {[%emt 0:00:01]} 23. Qh3 {[%emt 0:01:32]} g6 {[%emt 0:01:21]} 24. Ne3 {[%emt 0:00:54]} Qg5 {[%emt 0:00:38]} 25. Rbc1 {[%emt 0:00:16]} f5 {[%emt 0:00:09]} 26. Rc6 {[%emt 0:02:32]} Rxc6 {[%emt 0:01:03]} 27. dxc6 {[%emt 0:00:02]} Rc8 28. Qf3 {[%emt 0:02:44]} Qe7 {[%emt 0:02:05]} 29. Nd5 {[%emt 0:01:31]} Qf7 30. Rc1 {[%emt 0:00:10]} e4 {[%emt 0:03:22]} 31. Qb3 {[%emt 0:00:13]} Kf8 {[%emt 0:00:09]} 32. Qd1 {[%emt 0:00:24]} Qe6 {[%emt 0:00:26]} 33. c7 {[%emt 0:01:09]} Qf7 {[%emt 0:00:23]} 34. Qd4 {[%emt 0:00:34]} Qg7 {[%emt 0:00:53]} 35. Qb6 {[%emt 0:01:00]} Qb2 {[%emt 0:00:22]} 36. Rf1 {[%emt 0:01:09]} Qc2 {[%emt 0:01:19]} 37. Qb7 {[%emt 0:01:02]} Rxc7 {[%emt 0:00:09]} 38. Nxc7 {[%emt 0:00:03]} Qxc7 {[%emt 0:00:02]} 39. Qxa6 {[%emt 0:00:34]} Qc4 {[%emt 0:00:04]} 40. a4 {[%emt 0:00:42]} Qxb4 {[%emt 0:00:13]} 41. axb5 {[%emt 0:00:02]} Qc4 {[%emt 0:00:10]} 42. Qc6 {[%emt 0:00:12]} Qxc6 {[%emt 0:01:13]} 43. bxc6 {[%emt 0:00:01]} Ke7 {[%emt 0:00:01]} 44. Ra1 {[%emt 0:00:35]} d5 {[%emt 0:00:06]} 45. Ra7+ {[%emt 0:00:10]} Kd6 {[%emt 0:00:01]} 46. Rxh7 {[%emt 0:00:07]} Kxc6 {[%emt 0:00:02]} 47. Rh6 {[%emt 0:00:15]} d4 {[%emt 0:00:05]} 48. Kf1 {[%emt 0:00:07]} Kd5 {[%emt 0:00:05]} 49. Rxg6 {[%emt 0:00:01]} Nd6 {[%emt 0:00:01]} 50. h4 {[%emt 0:00:20]} d3 {[%emt 0:00:01]} 51. h5 {[%emt 0:00:33]} f4 {[%emt 0:00:01]} 52. Rxd6+ {[%emt 0:00:23]} Kxd6 {[%emt 0:00:02]} 53. h6 f3 {[%emt 0:01:34]} 54. gxf3 {[%emt 0:00:09]} exf3 55. Ke1 {[%emt 0:00:04]} Kc5 {[%emt 0:00:12]} 1-0

[Event "GX Alekhine Open de Outono semi-rápidas"]
[Site "Lisboa, Portugal"]
[Date "????.??.??"]
[Round "5.4"]
[White "Marques, Miguel Alexandre Gomes"]
[Black "Costa, Guilherme Henriques Bandeira"]
[Result "1/2-1/2"]
[WhiteElo "1454"]
[BlackElo "1540"]
[PlyCount "139"]

1. e4 {[%emt 0:00:02]} e5 {[%emt 0:00:02]} 2. Nf3 {[%emt 0:00:03]} Nc6 {[%emt 0:00:01]} 3. Bc4 {[%emt 0:00:02]} Nf6 {[%emt 0:00:12]} 4. Ng5 {[%emt 0:00:05]} Nxe4 {[%emt 0:00:44]} 5. Bxf7+ {[%emt 0:02:03]} Ke7 {[%emt 0:00:02]} 6. Nxe4 {[%emt 0:00:49]} Kxf7 {[%emt 0:00:05]} 7. Qf3+ {[%emt 0:01:20]} Ke8 {[%emt 0:00:03]} 8. c3 {[%emt 0:00:46]} d5 {[%emt 0:00:11]} 9. Ng3 {[%emt 0:00:28]} Be6 {[%emt 0:00:03]} 10. d3 {[%emt 0:00:24]} Qf6 {[%emt 0:00:11]} 11. Nd2 {[%emt 0:00:47]} Rd8 {[%emt 0:00:48]} 12. O-O {[%emt 0:00:54]} Kd7 {[%emt 0:00:44]} 13. Re1 {[%emt 0:00:36]} Bd6 {[%emt 0:00:40]} 14. Qd1 {[%emt 0:00:22]} Rdf8 {[%emt 0:00:43]} 15. f3 {[%emt 0:01:44]} h5 {[%emt 0:01:27]} 16. Ndf1 {[%emt 0:01:16]} h4 {[%emt 0:00:24]} 17. Nh1 {[%emt 0:00:57]} g5 {[%emt 0:02:01]} 18. h3 {[%emt 0:00:23]} Kc8 {[%emt 0:05:24]} 19. b4 {[%emt 0:00:21]} e4 {[%emt 0:00:32]} 20. dxe4 {[%emt 0:01:46]} dxe4 {[%emt 0:02:47]} 21. Rxe4 {[%emt 0:00:35]} Be5 {[%emt 0:00:39]} 22. Bb2 {[%emt 0:02:17]} Rd8 {[%emt 0:01:07]} 23. Qe2 {[%emt 0:00:19]} Bd5 {[%emt 0:00:12]} 24. Re3 {[%emt 0:00:57]} Bf4 {[%emt 0:00:56]} 25. c4 {[%emt 0:01:32]} Bxe3+ {[%emt 0:01:03]} 26. Nxe3 {[%emt 0:00:15]} Nd4 {[%emt 0:01:08]} 27. Bxd4 {[%emt 0:02:45]} Qxd4 {[%emt 0:00:05]} 28. Rd1 {[%emt 0:00:08]} Bxc4 {[%emt 0:00:26]} 29. Rxd4 {[%emt 0:02:45]} Bxe2 {[%emt 0:00:03]} 30. Rg4 {[%emt 0:00:41]} Rhg8 {[%emt 0:00:53]} 31. Nf2 {[%emt 0:00:46]} Bd3 {[%emt 0:02:13]} 32. Nxd3 {[%emt 0:00:25]} Rxd3 {[%emt 0:00:02]} 33. Nf5 {[%emt 0:00:09]} Re8 {[%emt 0:02:07]} 34. Kf1 {[%emt 0:00:39]} Rd1+ {[%emt 0:00:31]} 35. Kf2 {[%emt 0:00:06]} Rd2+ {[%emt 0:01:01]} 36. Kf1 {[%emt 0:00:09]} Rxa2 {[%emt 0:00:05]} 37. Rxg5 {[%emt 0:00:18]} Rd8 {[%emt 0:00:03]} 38. Ke1 {[%emt 0:00:42]} Rdd2 {[%emt 0:00:14]} 39. Nxh4 {[%emt 0:00:25]} Rdb2 {[%emt 0:00:33]} 40. Rd5 {[%emt 0:00:04]} Rxb4 {[%emt 0:00:33]} 41. Ng6 c6 {[%emt 0:00:28]} 42. Ne7+ {[%emt 0:00:13]} Kc7 {[%emt 0:00:02]} 43. Rd2 {[%emt 0:00:11]} Rb1+ {[%emt 0:00:31]} 44. Ke2 {[%emt 0:00:10]} Rxd2+ {[%emt 0:00:25]} 45. Kxd2 {[%emt 0:00:02]} a5 {[%emt 0:00:02]} 46. g4 {[%emt 0:00:21]} a4 {[%emt 0:00:02]} 47. Kc2 {[%emt 0:00:13]} Rb3 {[%emt 0:00:23]} 48. h4 {[%emt 0:00:13]} Rxf3 {[%emt 0:00:04]} 49. g5 {[%emt 0:00:11]} a3 {[%emt 0:00:26]} 50. h5 {[%emt 0:00:10]} Kd7 {[%emt 0:00:23]} 51. Ng6 {[%emt 0:00:06]} Rg3 {[%emt 0:00:05]} 52. h6 {[%emt 0:00:09]} Rxg5 {[%emt 0:00:09]} 53. h7 {[%emt 0:00:04]} Rh5 {[%emt 0:00:03]} 54. h8=Q {[%emt 0:00:08]} Rxh8 {[%emt 0:00:02]} 55. Nxh8 {[%emt 0:00:02]} b5 {[%emt 0:00:02]} 56. Ng6 {[%emt 0:00:05]} c5 {[%emt 0:00:15]} 57. Ne5+ {[%emt 0:00:11]} Kc7 {[%emt 0:00:13]} 58. Kb3 {[%emt 0:00:12]} b4 {[%emt 0:00:07]} 59. Nc4 {[%emt 0:00:21]} Kc6 {[%emt 0:00:03]} 60. Nd2 {[%emt 0:00:15]} Kd5 {[%emt 0:00:13]} 61. Nc4 {[%emt 0:00:18]} a2 {[%emt 0:00:30]} 62. Ne3+ Ke4 {[%emt 0:00:21]} 63. Nc2 {[%emt 0:00:08]} Kd3 {[%emt 0:00:02]} 64. Na1 {[%emt 0:00:15]} c4+ {[%emt 0:00:15]} 65. Kxa2 {[%emt 0:00:02]} c3 {[%emt 0:00:07]} 66. Kb3 {[%emt 0:00:09]} Kd2 {[%emt 0:00:18]} 67. Nc2 {[%emt 0:00:03]} Kd3 {[%emt 0:00:04]} 68. Nxb4+ {[%emt 0:00:05]} Kd2 {[%emt 0:00:02]} 69. Nc2 {[%emt 0:00:08]} Kd3 {[%emt 0:00:03]} 70. Nb4+ {[%emt 0:00:02]} 1/2-1/2